| 000 | 00514cam a22001811 4500 | ||
|---|---|---|---|
| 040 | _cCU-I | ||
| 082 | _a333 COU 1971 C111 Or. | ||
| 100 | 1 | _aLe Guyader, Michel, | |
| 245 | 1 | 0 | _aCours de chimie physique et analytique, |
| 260 |
_aParis, _bDunod, _c1971- |
||
| 300 |
_a v. _billus. _c24 cm. |
||
| 490 | 0 | _aTechnologie et université. I.U.T. Chimie. | |
| 650 | 0 | _aChemistry, Physical and theoretical. | |
| 650 | 0 | _aAnalytical chemistry. | |
| 700 | 1 | _aMartin, Guy, | |
| 700 | 1 | _aTallec, André, | |
| 942 | _cAEDBB | ||
| 999 |
_c20911 _d20911 |
||